A daughter of Han; the autobiography of a Chinese working woman /

Bibliographic Details
Main Author: Ning, Lao Tai-tai, 1867-
Other Authors: Pruitt, Ida
Format: Book
Language:English
Published: Stanford, Calif. : Stanford University Press, [1967]
Subjects:

MARC

Tag First Indicator Second Indicator Subfields
LEADER 00000cam a2200000 4500
001 in00000294613
005 20151010074428.0
008 680301c19671945caubce 00010aeng
010 |a  68010633  
035 |a (OCoLC)00436174 
035 |9 ABF2478AM 
040 |a DLC  |c DLC  |d TXA  |d UtOrBLW 
049 |a TXAM  |c [1231891] 
050 0 0 |a CT1828.N5  |b A3 1967 
082 0 |a 915.1/03/30924  |a B 
100 1 |a Ning, Lao Tai-tai,  |d 1867- 
245 1 2 |a A daughter of Han; the autobiography of a Chinese working woman /  |c [by] Ida Pruitt, from the story told her by Ning Lao Tai-tai. 
264 1 |a Stanford, Calif. :  |b Stanford University Press,  |c [1967] 
264 4 |c [©1945] 
300 |a vi, 254 pages :  |b map, plan, portraits ;  |c 23 cm. 
336 |a text  |b txt  |2 rdacontent 
337 |a unmediated  |b n  |2 rdamedia 
338 |a volume  |b nc  |2 rdacarrier 
651 0 |a China  |x Social life and customs. 
600 1 0 |a Ning, Lao Tai-tai,  |d 1867- 
700 1 |a Pruitt, Ida. 
999 |a MARS 
999 f f |s e29c3c0c-ec67-3e1b-b906-91592c060bab  |i 03f31bd4-eac6-3e52-b0f8-db99b241fd77  |t 0 
952 f f |p ric  |a Texas A&M University  |b Rellis Campus  |c Joint Library Facility  |s JLF  |d Remote Storage  |t 0  |e CT1828.N5 A3 1967  |h Library of Congress classification  |i unmediated -- volume  |m A14801861870 
998 f f |a CT1828.N5 A3 1967  |t 0  |l Remote Storage